| 000 -LEADER |
| fixed length control field |
00472cam a22001457a 4500 |
| 008 - FIXED-LENGTH DATA ELEMENTS--GENERAL INFORMATION |
| fixed length control field |
180718b2013 xxu||||| |||| 00| 0 eng d |
| 020 ## - INTERNATIONAL STANDARD BOOK NUMBER |
| International Standard Book Number |
9788121202077 |
| 082 ## - DEWEY DECIMAL CLASSIFICATION NUMBER |
| Classification number |
B264x51 C472 |
| 245 ## - TITLE STATEMENT |
| Title |
China and imperialism : during the nineteenth century |
| Statement of responsibility, etc. |
edited by D.N. Gupta |
| 260 ## - PUBLICATION, DISTRIBUTION, ETC. |
| Place of publication, distribution, etc. |
New Delhi |
| Name of publisher, distributor, etc. |
Gyan |
| Date of publication, distribution, etc. |
2013 |
| 300 ## - PHYSICAL DESCRIPTION |
| Extent |
212p. |
| 650 ## - SUBJECT ADDED ENTRY--TOPICAL TERM |
| Topical term or geographic name entry element |
China -- History -- 20th century -- Biography |
| 650 ## - SUBJECT ADDED ENTRY--TOPICAL TERM |
| Topical term or geographic name entry element |
China -- History -- 19th century -- Biography |
| 700 ## - ADDED ENTRY--PERSONAL NAME |
| Personal name |
Gupta, D.N. |